| 000 | 00610nam a2200217 a 4500 | ||
|---|---|---|---|
| 003 | SISC | ||
| 005 | 20160819104624.0 | ||
| 008 | 120929s19uu xx 00 eng d | ||
| 020 | _a9788183568968 | ||
| 050 |
_aG 155.A1 _b.R188 2011 |
||
| 100 | _aRandall, Jack. | ||
| 245 |
_aEvent tourism / _cJack Randall. |
||
| 250 | _a1st edition. | ||
| 260 |
_aNew Delhi, India : _bDiscovery Pub. House, _c2011. |
||
| 300 |
_a264 pages : _c21 cm. |
||
| 500 | _aIncludes bibliographical references and index. | ||
| 650 | _aEvent tourism. | ||
| 650 | _aCultural tourism. | ||
| 942 |
_cBK _2lcc _kFOR |
||
| 999 |
_c39461 _d39461 |
||